[Event "Yingmei CHN-chT 2018"]
[Site "Guangdong"]
[Date "2018.11.29"]
[Round "21"]
[White "Zhou, Weiqi"]
[Black "Li, Shilong"]
[Result "0-1"]
[WhiteElo "2597"]
[BlackElo "2490"]
[Annotator "TA"]
[PlyCount "52"]
[EventDate "2018.07.09"]
[EventType "team-tourn"]
[EventCountry "CHN"]
[SourceTitle "playchess.com"]
[Source "ChessBase"]
[SourceQuality "1"]

{[%evp 28,52,0,0,0,-15,0,-33,-25,-43,-28,-29,-31,-29,-14,-92,-84,-104,-107,-263,-258,-264,-233,-570,-558,-1697,-1379]} 1. Nf3 Nf6 2. c4 g6 3. g3 Bg7 4. Bg2 O-O 5. O-O d6 6. d4 Nbd7 7. Qc2 e5 8. Rd1 Re8 9. dxe5 dxe5 10. e4 Qe7 {E60: King's Indian: Unusual lines and Fianchetto Variation without Nc3} 11. h3 a5 12. Be3 Nc5 13. Nc3 {[%cal Bb1c3,Bc3a4,Ba4b6][%mdl 32]} c6 14. Bxc5 Qxc5 15. Na4 {LiveBook: 5 Games} Qe7 16. c5 Be6 17. Nxe5 Bxh3 18. Nxc6 bxc6 19. Bxh3 h5 $146 {[%cal Bh7h5,Bh5h4,Bh4g3][%mdl 32]} 20. Nb6 Rab8 21. Re1 {[#]} (21. Bd7 $11) 21... h4 $1 $17 22. e5 {[#]} Nh5 $1 23. Re4 $2 (23. Nd7 $17 {was worth a try.} Rb7 24. Qd2) 23... hxg3 $19 24. Rae1 Rbd8 25. Bg4 $2 (25. Bg2 {is tougher.}) 25... Qh4 26. f3 {[#]} Rxe5 $1 {[%mdl 512] Accuracy: White = 21%, Black = 96%.} 0-1

[Event "Yingmei CHN-chT 2018"]
[Site "Guangdong"]
[Date "2018.11.29"]
[Round "21"]
[White "Xu, Xiangyu"]
[Black "Li, Chao b"]
[Result "1/2-1/2"]
[WhiteElo "2577"]
[BlackElo "2715"]
[Annotator "TA"]
[PlyCount "56"]
[EventDate "2018.07.09"]
[EventType "team-tourn"]
[EventCountry "CHN"]
[SourceTitle "playchess.com"]
[Source "ChessBase"]
[SourceQuality "1"]

{[%evp 12,56,16,14,10,0,0,0,0,-5,5,8,9,12,4,0,25,0,0,0,0,0,0,0,3,0,0,0,0,0,0,0,0,0,0,0,0,0,0,0,0,0,0,0,0,0,0]} 1. d4 Nf6 2. c4 g6 3. g3 c6 4. Bg2 d5 5. cxd5 cxd5 6. Nf3 Bg7 7. Nc3 Ne4 {D73: Fianchetto Grünfeld: 5 Nf3} 8. Qb3 (8. Qa4+ Nc6 9. Ne5 Nxc3 10. bxc3 O-O 11. Nxc6 bxc6 12. O-O Qb6 13. Ba3 Qa6 14. Qxa6 Bxa6 15. Rfb1 Rfb8 16. Bxe7 Bxe2 17. Bd6 Rd8 18. Bc7 Rdc8 19. Bd6 Rd8 20. Bc7 Rdc8 21. Bd6 {½-½ (21) Cori Tello,J (2664)-Nepomniachtchi,I (2768) Batumi 2018}) 8... Nxc3 9. bxc3 O-O 10. Ne5 Nc6 11. Bxd5 {[%cal Re5f7]} Nxe5 12. dxe5 Bxe5 13. Bh6 $146 ({Predecessor:} 13. O-O Qb6 14. Rb1 Qxb3 15. Rxb3 {½-½ (24) Rawlings,A (2369)-Laine,J (2251) ICCF email 2015}) 13... Qb6 (13... Bg7 {is interesting.} 14. Bxg7 Kxg7 15. O-O Qc7 16. a4 Rb8) 14. Bxf8 {Hoping for 0-0.} (14. O-O-O {is more complex.} Bg7 15. Bxg7 Kxg7 16. Qxb6 axb6 17. Rd4) 14... Qxb3 {The position is equal.} 15. axb3 {[#] And now Kd2 would win.} Bxc3+ 16. Kd1 Bxa1 17. Bxe7 Be6 18. Bxe6 fxe6 $11 {[%mdl 4096] Endgame KRB-KRB} 19. Kd2 Kf7 20. Rxa1 {[#] Black must now prevent Bg5.} Kxe7 {KR-KR} 21. Kd3 Rd8+ 22. Ke4 a6 23. Rc1 Rd2 24. Rc7+ Rd7 25. Rc8 Rd8 26. Rc7+ Rd7 27. Rc8 Rd8 28. Rc7+ Rd7 {Accuracy: White = 46%, Black = 86%.} 1/2-1/2

[Event "Yingmei CHN-chT 2018"]
[Site "Guangdong"]
[Date "2018.11.29"]
[Round "21"]
[White "Bai, Jinshi"]
[Black "Maghsoodloo, Parham"]
[Result "1/2-1/2"]
[WhiteElo "2566"]
[BlackElo "2689"]
[Annotator "TA"]
[PlyCount "64"]
[EventDate "2018.07.09"]
[EventType "team-tourn"]
[EventCountry "CHN"]
[SourceTitle "playchess.com"]
[Source "ChessBase"]
[SourceQuality "1"]

{[%evp 17,64,12,23,14,22,22,24,22,22,22,20,25,35,30,24,22,26,18,17,10,32,43,64,62,62,66,84,21,22,0,0,0,0,0,0,0,0,0,0,0,0,0,0,0,0,0,0,0,0]} 1. Nf3 Nf6 2. c4 e6 3. d4 a6 4. Nc3 d5 5. c5 (5. cxd5 exd5 6. Bg5 Be6 7. e3 Nbd7 8. Bd3 h6 9. Bf4 g5 10. Bg3 Nh5 11. Be5 Nhf6 12. Bg3 Nh5 13. Qb3 Nxg3 14. hxg3 {½-½ (48) Karjakin,S (2773)-Caruana,F (2822) Saint Louis 2018}) 5... b6 6. cxb6 {D37: Queen's Gambit Declined: 5 Bf4} cxb6 7. Bf4 Be7 8. e3 O-O 9. Bd3 Bb7 {LiveBook: 4 Games} 10. h3 Nbd7 11. O-O b5 {[%cal Bb6b5,Bb5b4][%mdl 32]} 12. a4 b4 13. Nb1 {[%cal Bc3b1,Bb1d2,Bd2b3][%mdl 32]} a5 14. Nbd2 Qb6 15. Qe2 Rfc8 {[#]} 16. Rfc1 $146 Ne8 17. Ne5 Nxe5 18. Bxe5 Bd6 19. Nb3 Be7 20. Bb5 Nd6 21. Nc5 Bc6 {[%cal Rd6b5]} 22. Bxd6 ({White should play} 22. Ba6 $16) 22... Bxd6 $11 {The position is equal.} 23. Nd7 Bxd7 24. Bxd7 Rc7 25. Bb5 Rac8 26. Qd1 g6 27. Rxc7 Rxc7 28. Rc1 e5 29. Rxc7 Qxc7 30. dxe5 Bxe5 31. b3 Qc5 32. g4 d4 {Precision: White = 65%, Black = 64%.} 1/2-1/2

[Event "Yingmei CHN-chT 2018"]
[Site "Guangdong"]
[Date "2018.11.29"]
[Round "21"]
[White "Liu, Yan"]
[Black "Xu, Yinglun"]
[Result "1/2-1/2"]
[WhiteElo "2506"]
[BlackElo "2533"]
[Annotator "TA"]
[PlyCount "64"]
[EventDate "2018.07.09"]
[EventType "team-tourn"]
[EventCountry "CHN"]
[SourceTitle "playchess.com"]
[Source "ChessBase"]
[SourceQuality "1"]

{[%evp 21,64,1,18,0,0,0,12,5,17,5,5,4,8,5,8,0,27,27,21,30,34,22,30,22,20,0,28,15,43,0,20,16,14,23,26,0,6,0,0,0,19,0,7,0,35]} 1. d4 e6 2. Nf3 Nf6 3. c4 d5 4. Nc3 Be7 5. Bg5 h6 6. Bxf6 Bxf6 7. e3 O-O 8. Rc1 c6 9. Bd3 Nd7 10. O-O dxc4 11. Bxc4 e5 12. Bb3 {D55: Queen's Gambit Declined: 4 Bg5 Be7: Lines without ...h6 and 6...h6 7 Bxf6} exd4 13. exd4 Nb6 (13... Re8 14. h3 Nb6 15. Re1 Bf5 16. g4 Bg6 17. Rxe8+ Qxe8 18. Qd2 Qd7 19. Qf4 Re8 20. Rd1 Qc8 21. Ne5 Bxe5 22. dxe5 Rd8 23. Rd4 Qc7 {1-0 (43) Radjabov,T (2751)-Sargissian,G (2691) Batumi 2018}) 14. Ne5 Bf5 {[%cal Bc8f5,Bf5g6,Bg6d3][%mdl 32]} 15. Re1 Bxe5 16. Rxe5 Bg6 $146 ({Predecessor:} 16... Qd7 17. Qe1 a5 18. a3 Rfe8 19. Ne4 Bxe4 20. Qxe4 Rad8 21. Qf3 a4 22. Ba2 Rxe5 23. dxe5 Na8 24. h3 Nc7 {½-½ (24) Klim,A (2142)-Belanoff,S (2141) ICCF email 2013}) 17. d5 Qf6 18. Qe2 Bd3 19. Qe3 c5 {[%cal Bc6c5,Bc5c4][%mdl 32]} 20. Re1 c4 21. Bd1 Nc8 22. Be2 (22. g3 {with more complications.} Nd6 23. a4 Rfe8 24. f4 Qd8 25. Be2) 22... Bxe2 23. Rxe2 Nd6 24. a4 b6 25. f4 Rac8 26. g3 Rfd8 27. Kg2 Qg6 28. Qf2 Rd7 {The position is equal.} 29. Re7 Rcc7 30. R7e5 Rc8 31. Re7 Rcc7 32. R7e5 Rc8 {Accuracy: White = 45%, Black = 50%.} 1/2-1/2

[Event "Yingmei CHN-chT 2018"]
[Site "Guangdong"]
[Date "2018.11.29"]
[Round "21"]
[White "Li, Di"]
[Black "Yu, Yangyi"]
[Result "0-1"]
[WhiteElo "2487"]
[BlackElo "2765"]
[Annotator "TA"]
[PlyCount "176"]
[EventDate "2018.07.09"]
[EventType "team-tourn"]
[EventCountry "CHN"]
[SourceTitle "playchess.com"]
[Source "ChessBase"]
[SourceQuality "1"]

{[%evp 15,176,0,0,0,4,0,0,-19,-13,-2,-2,-10,-16,-11,-3,-22,-12,-26,-25,-28,-8,-14,0,-27,6,10,22,0,0,0,0,-18,-18,-18,-18,-12,-10,-12,-12,-17,-10,-15,-14,-11,-13,-13,-2,-33,0,-54,-54,-54,-54,-62,-54,-72,-69,-165,-131,-220,-164,-154,-139,-153,-131,-131,-138,-152,-155,-156,-137,-142,-152,-158,-143,-221,-226,-260,-195,-277,-264,-275,-272,-260,-250,-273,-242,-314,-272,-284,-190,-233,0,-212,-223,-239,-225,-248,-229,-601,-379,-301,-187,-555,-476,-544,-535,-473,-372,-212,0,-308,0,0,0,0,258,245,239,193,244,229,148,38,45,61,90,0,0,0,83,87,85,92,92,91,72,72,72,0,0,0,0,0,0,0,0,0,0,0,0,0,0,-238,-204,-737,-533,-1146,-1146,-1045,-1026,-772,-771]} 1. d4 Nf6 2. c4 e6 3. g3 Bb4+ 4. Bd2 Be7 5. Bg2 d5 6. Nf3 O-O 7. O-O c6 8. Qc2 b6 {LiveBook: 1450 Games} 9. b4 $146 {E11: Bogo-Indian} ({Predecessor:} 9. Rd1 Ba6 10. b3 Nbd7 11. Bf4 Rc8 12. Nc3 Nh5 13. Bc1 f5 14. e3 Bd6 15. a4 Nhf6 16. Ne2 c5 17. Nf4 Qe7 18. cxd5 cxd4 19. Qb2 dxe3 20. Nxe6 exf2+ 21. Qxf2 {0-1 (35) Sarana,A (2613)-Jakovenko,D (2748) Satka 2018}) 9... Ne4 10. Rc1 Ba6 11. Na3 {The position is equal.} (11. b5 {feels hotter.} cxb5 12. cxd5 exd5 13. Ne5 Bb7 14. Qc7) 11... Nxd2 12. Qxd2 Nd7 13. e3 Bb7 14. Qb2 a5 15. b5 c5 $1 16. cxd5 exd5 17. Nb1 {[%cal Ba3b1,Bb1c3,Bc3a4][%mdl 32]} c4 18. Nc3 Rc8 19. Na4 (19. Ne5 $5 {[%cal Re5c6]} Nf6 20. a3 $11) 19... Nf6 20. Ne5 {next Nxc4! is good for White.} Ba8 21. Bh3 Rb8 {[%cal Bc8b8,Bb8b7,Bb7c7][%mdl 32]} 22. Nc3 Bb4 23. a3 Bxc3 24. Qxc3 Rb7 25. Bg2 Rc7 26. a4 Re8 27. Qa3 h5 28. h3 Bb7 {[%cal Ba8b7,Bb7c8,Bc8f5][%mdl 32]} 29. Ra2 Nd7 30. Nf3 Nf8 {[%cal Bd7f8,Bf8h7,Bh7f6][%mdl 32]} 31. Nd2 Bc8 32. Nb1 ({Better is} 32. e4 $11) 32... Nh7 $15 33. Nc3 Nf6 34. Re1 Rce7 35. Kf1 Bf5 36. Ke2 ({White should try} 36. h4 $15) 36... Qd7 37. Rh1 (37. h4 $17) 37... Bg6 38. Kd1 Qf5 39. Re1 Ne4 40. Bxe4 Rxe4 ({Much worse is} 40... dxe4 $6 41. Qd6 $11) 41. Nxe4 Qxe4 42. Rb2 Bf5 43. Qc3 Bxh3 44. Qc2 Bg4+ {[%mdl 1024] Black has strong compensation.} 45. Kc1 (45. Kd2 $17 {was called for.}) 45... Qf3 $1 $19 46. Qc3 Bf5 47. Rd2 (47. Rg1 {was necessary.}) 47... Be4 48. Kb2 Re6 49. Qa3 g6 50. Kc3 Kg7 51. Qa1 g5 52. Rg1 Rf6 53. Qa3 Re6 $2 (53... Qg4 $1 $19 54. Ra1 Qe6) 54. Kb2 $2 (54. Qa1 $1 $11) 54... Bg6 55. Ka1 Rf6 56. Kb2 Qe4 57. Re1 $2 (57. Ka2) 57... h4 58. gxh4 gxh4 {...Qg2 is the strong threat.} 59. Qa1 $2 (59. Rg1 {nothing else works.}) 59... Rf3 60. Qa3 Qf5 61. Rf1 {White hopes to continue with Qe7.} h3 62. Qe7 h2 $2 (62... Qg4 $19 63. Rh1 Rf5) 63. Kc3 $2 {[%mdl 8192] [#]} (63. Rh1 $1 $11 {and White stays safe.}) 63... Rh3 $2 (63... Rg3 $1 $19 {[%cal Rg3g1][%mdl 512] ( -> ...Rg1)} 64. fxg3 Qxf1 65. Qe5+ {[%mdl 64] Double Attack} f6 66. Qc7+ Bf7 67. Rxh2 Qa1+ {[%mdl 64] Double Attack} 68. Rb2 Qa3+ 69. Kc2 Qd3+ 70. Kc1 Qxe3+ 71. Kb1 Qxd4) 64. Rh1 $11 Qe4 65. Qe5+ Qxe5 $4 {[%mdl 8192]} (65... f6 $11 {and Black has nothing to worry.} 66. Qc7+ {[%mdl 64] Double Attack} Kg8 67. Qb8+ Kg7 68. Qc7+ Kg8 69. Qc8+ Kf7 70. Qxh3 Qxh1 71. Qd7+ Kg8 72. Qc8+ Kg7 73. Qc7+ Kh6 74. Qf4+ Kh5) 66. dxe5 {[%mdl 4096] Endgame KRR-KRB} Be4 {[#]} 67. f3 $1 {[%cal Rf3e4][%mdl 512]} Rxf3 (67... Bxf3 68. Rdxh2) 68. Kd4 ({Inferior is} 68. Rhxh2 Rxe3+ 69. Kd4 Rg3 $17) 68... Rg3 69. Rhxh2 (69. Rdxh2 $16 {aiming for Rf1.} Bxh1 70. Rxh1) 69... Rg1 $1 $14 70. Rh4 Ra1 {[#]} 71. Rg4+ (71. Rf4 $1 $16) 71... Kf8 $11 72. e6 Bf5 {[#]} (72... f6 $11) 73. Rh4 $1 $16 {Threatens to win with exf7.} Bxe6 74. Rh8+ Ke7 75. Rb8 Rxa4 76. Rxb6 Rb4 77. Kc5 (77. Rg2 $16) 77... c3 $11 {[%csl Gd5,Ge6][%cal Rb4c4]} 78. Rb7+ Kf6 79. Rc2 $1 {[%cal Rc2c3]} Rc4+ 80. Kd6 {Black must now prevent Rc7.} d4 $1 {[%cal Rd4d3]} 81. exd4 Rxd4+ 82. Kc5 Rc4+ 83. Kd6 {Hoping for Rc7.} Bf5 84. Rc1 $2 (84. Kd5 $11 Be6+ 85. Kd6) 84... c2 $19 {Strongly threatening ...Rd4+.} 85. b6 $2 (85. Rb6 Be4 86. Ra6) 85... Rb4 {Black is clearly winning.} 86. Kc5 Rb1 {[%mdl 64] Trapped Piece} 87. Rxc2 Bxc2 88. Ra7 a4 {Accuracy: White = 39%, Black = 76%.} 0-1

[Event "Yingmei CHN-chT 2018"]
[Site "Guangdong"]
[Date "2018.11.29"]
[Round "21"]
[White "Lou, Yiping"]
[Black "Inarkiev, Ernesto"]
[Result "1/2-1/2"]
[WhiteElo "2483"]
[BlackElo "2691"]
[Annotator "TA"]
[PlyCount "111"]
[EventDate "2018.07.09"]
[EventType "team-tourn"]
[EventCountry "CHN"]
[SourceTitle "playchess.com"]
[Source "ChessBase"]
[SourceQuality "1"]

{[%evp 18,111,32,22,22,27,50,18,20,18,20,25,35,27,22,16,35,17,20,18,21,25,24,24,39,14,11,0,0,0,0,0,0,0,3,0,5,4,15,0,0,0,0,0,0,0,0,0,6,2,0,0,0,0,35,35,98,60,60,60,60,60,60,60,60,60,60,60,111,35,35,35,31,34,157,31,35,8,8,8,8,8,8,8,8,8,8,0,8,0,0,0,0,0,0,0]} 1. d4 Nf6 2. c4 e6 3. Nc3 Bb4 4. Qc2 d5 5. a3 Bxc3+ 6. Qxc3 Ne4 7. Qc2 c5 8. dxc5 Nc6 9. e3 Qa5+ 10. Bd2 $1 {[%cal Rd2a5]} Qxc5 {E37: Nimzo-Indian: Classical: 4...d5 5 a3 Bxc3+ 6 Qxc3 Ne4} 11. Nf3 O-O 12. Rc1 Nxd2 13. Qxd2 Rd8 14. cxd5 Qe7 15. Bd3 Rxd5 16. Qc2 h6 17. O-O Bd7 18. Bh7+ Kh8 $1 19. Be4 Rd6 20. Rfd1 Rc8 21. Rxd6 Qxd6 22. Qd2 Qxd2 23. Nxd2 Kg8 24. f4 Kf8 25. Kf2 Ke7 26. Nb3 e5 27. Rc3 Nd8 28. Rxc8 Bxc8 $11 {[%mdl 4096] Endgame KBN-KBN} 29. Bf3 Kd6 30. Nd2 Be6 31. Ne4+ Kd5 32. Nd2+ Kc5 33. fxe5 Nc6 34. Bxc6 (34. Ke2 {keeps more tension.} Bc4+ 35. Kd1 Nxe5 36. Bxb7 Ng4 37. b4+) 34... bxc6 {KB-KN} 35. Ke2 Bc4+ 36. Kf3 Bd3 ({Black should try} 36... Be6 $1 $14) 37. h4 Kd5 38. Kf4 g5+ 39. hxg5 hxg5+ 40. Kxg5 {Threatens to win with Kf6.} Kxe5 41. b4 f6+ 42. Kh6 Kd5 $1 {[#]} 43. Kg7 (43. Nb3 $1 $16) 43... f5 $1 $14 44. Kf6 c5 45. bxc5 Kxc5 {[#]} 46. Ke5 (46. Nf3 $1 $16) 46... a5 47. e4 fxe4 {The position is equal.} 48. Nxe4+ Kc4 49. g4 {[%cal Bg2g4,Bg4g5][%mdl 32]} Be2 50. g5 Bh5 51. Nd6+ Kb3 52. Ne4 Kc4 53. Kf6 {Strongly threatening Ng3.} Kb3 54. Ng3 Be8 55. Nf5 Kxa3 56. Ng7 {Accuracy: White = 56%, Black = 76%.} 1/2-1/2

[Event "Yingmei CHN-chT 2018"]
[Site "Guangdong"]
[Date "2018.11.29"]
[Round "21"]
[White "Khotenashvili, Bela"]
[Black "Zhu, Jiner"]
[Result "1-0"]
[WhiteElo "2462"]
[BlackElo "2107"]
[Annotator "TA"]
[PlyCount "73"]
[EventDate "2018.07.09"]
[EventType "team-tourn"]
[EventCountry "CHN"]
[SourceTitle "playchess.com"]
[Source "ChessBase"]
[SourceQuality "1"]

{[%evp 16,73,12,14,26,27,21,12,37,47,48,39,57,35,66,67,143,130,125,135,133,129,189,182,189,177,178,190,234,251,235,233,247,252,251,245,242,212,359,299,447,240,292,283,509,503,493,473,447,383,464,397,639,634,600,609,623,622,581,518]} 1. d4 Nf6 2. Bg5 g6 3. Bxf6 exf6 4. c4 f5 5. e3 Bg7 6. Nc3 O-O 7. g3 d6 8. Bg2 Nd7 {[%cal Bb8d7,Bd7f6,Bf6e4][%mdl 32]} 9. Nge2 Nf6 {A45: Trompowsky Attack} 10. Qd3 c6 11. b4 {[%cal Bb2b4,Bb4b5][%mdl 32]} Re8 {The position is equal.} 12. O-O Qe7 13. b5 Ne4 14. Rab1 h5 15. h4 g5 ({Black should play} 15... c5 $14) 16. hxg5 $16 Qxg5 17. Nxe4 (17. Bxe4 fxe4 18. Nxe4 Qg6 $17) 17... fxe4 18. Bxe4 d5 (18... c5 $16) 19. cxd5 cxd5 20. Bh7+ Kh8 21. Nf4 Re6 {[#] White must now prevent ...Rh6.} 22. Bf5 ({Not} 22. Nxe6 Bxe6 23. Kg2 h4 $11) 22... Rh6 23. Bxc8 Rxc8 24. Rbc1 Rd8 25. Kg2 h4 26. Rh1 Bf6 (26... Bf8 $142 27. Rh3 Bd6) 27. Rh3 Kg7 (27... Qg4 $142 28. Rc7 Rd7) 28. Rch1 (28. Rc7 $142 {Strongly threatening Ne6+.} Re8 29. Rxb7) 28... Rdh8 29. Qb3 hxg3 $2 (29... Bd8 {was necessary.} 30. Qxd5 Qxd5+ 31. Nxd5 hxg3 32. Rxh6 Rxh6 33. Rxh6 Kxh6 34. Kxg3 Kh5) 30. Rxg3 $18 Rxh1 31. Qxd5 ({Less strong is} 31. Rxg5+ Bxg5 32. Qxd5 Bxf4 $18) 31... Qxg3+ 32. Kxg3 R8h2 33. Kf3 Bh4 $2 (33... b6 34. Qd7 Rf1) 34. Nd3 {White is clearly winning.} b6 35. Qe5+ Bf6 36. Qg3+ Kh7 {[#] ...Rh3 is the strong threat.} 37. Qc7 {Accuracy: White = 81%, Black = 25%.} 1-0

[Event "Yingmei CHN-chT 2018"]
[Site "Guangdong"]
[Date "2018.11.29"]
[Round "21"]
[White "Khademalsharieh, Sarasadat"]
[Black "Li, Ruofan"]
[Result "1-0"]
[WhiteElo "2448"]
[BlackElo "2314"]
[Annotator "TA"]
[PlyCount "155"]
[EventDate "2018.07.09"]
[EventType "team-tourn"]
[EventCountry "CHN"]
[SourceTitle "playchess.com"]
[Source "ChessBase"]
[SourceQuality "1"]

{[%evp 27,155,12,12,0,29,4,12,-36,-25,-39,-6,-8,-5,-6,-4,-12,-10,-20,-10,-21,-9,-14,0,0,15,15,15,15,15,15,15,15,33,36,42,13,13,13,13,13,13,13,13,13,33,13,33,33,34,34,34,34,34,34,34,34,780,1065,908,785,782,782,775,781,784,775,761,741,735,720,711,691,702,694,681,649,672,655,655,344,334,90,90,88,88,88,88,88,88,88,88,88,88,88,429,415,415,88,88,88,88,88,408,402,400,383,383,0,0,0,0,0,0,0,0,0,0,0,0,0,0,0,0,0,0,0,29974,29975,29975,29976]} 1. c4 e6 2. Nf3 d5 3. g3 Nf6 4. Bg2 dxc4 5. O-O Be7 6. Na3 c5 7. Nxc4 Nc6 8. b3 O-O 9. Bb2 Nd5 10. Rc1 {A13: English Opening: 1...e6} b5 11. Nce5 Nxe5 12. Nxe5 Bb7 13. d4 Rc8 14. dxc5 Bxc5 {LiveBook: 9 Games} 15. Nd3 (15. Qd3 a6 16. Be4 h6 17. Rxc5 Rxc5 {0-1 (48) Matsenko,S (2550)-Javakhadze,Z (2452) Dallas 2017}) 15... Be7 16. e4 $146 ({Predecessor:} 16. Rxc8 Qxc8 17. Qa1 f6 {1-0 (39) Hausrath,D (2448)-Klein,F (2284) Germany 2012}) 16... Nf6 17. e5 Nd5 18. Nf4 Rxc1 19. Bxc1 Qb8 20. Nxd5 Bxd5 21. Bf4 Rd8 22. Qg4 Bxg2 23. Kxg2 Ba3 (23... Bc5 {with more complications.} 24. Qf3 h6 25. h4 a5 26. Rd1 Rxd1 27. Qxd1 a4) 24. Qf3 Rd5 25. Rd1 Qd8 (25... Rxd1 {feels hotter.} 26. Qxd1 a5 27. Qf3 h6 28. h4 Bb2) 26. Rxd5 Qxd5 27. Qxd5 exd5 $11 {[%mdl 4096] Endgame KB-KB} 28. Be3 a6 29. Bd4 h5 30. f4 g6 31. h3 Kf8 32. g4 hxg4 33. hxg4 Ke7 34. f5 gxf5 35. gxf5 Bb4 36. Kf3 Bd2 37. Ke2 Bb4 38. Kd3 Kd7 39. Be3 Kc6 40. Bh6 Ba3 41. e6 f6 $2 {[%mdl 8192]} (41... fxe6 $14 42. f6 (42. fxe6 Be7 $11) 42... e5) 42. Be3 Kd6 43. Bd4 Ke7 44. Ke3 Bd6 45. Kf3 Be5 46. Bc5+ Ke8 47. Bb4 Bb2 48. Kg4 Be5 49. Kh5 Bb2 50. Bd6 Bc3 51. Kg4 Bb2 52. Kf3 Kd8 53. Ke3 Ke8 54. a4 $2 (54. Kd3 $18 {has better winning chances.} Kd8 55. Kc2) 54... Kd8 $16 55. axb5 axb5 56. Kd3 Ke8 57. Kc2 Bd4 58. Kb1 Bc3 59. Ka2 Bd4 60. Ka3 Bc3 $2 {[%mdl 8192]} (60... Be5 $16 61. Bb4 Bd4) 61. Bc5 $1 $18 Bd2 62. Bd4 $2 (62. Kb2 $18 {is the precise move to win. Black must now prevent Bd6.} Bf4 63. Kc3 Be5+ 64. Kd3) 62... Ke7 $16 63. Kb2 Bf4 64. Bc5+ Ke8 $2 {[%mdl 8192]} (64... Kd8 $16) 65. Kc3 $18 {And now Kb4 would win.} Be5+ 66. Kb4 d4 {[#]} 67. Kxb5 $2 ({White has to play} 67. Bb6 $1 $18 Ke7 68. Ba5 (68. Kxb5 d3 $11)) 67... d3 $11 {aiming for ...d2.} 68. Be3 Bc3 69. b4 {[%cal Bb3b4,Bb4b5,Bb5b6,Bb6b7][%mdl 32]} d2 70. Bxd2 $1 Bxd2 {KB-K3P} 71. Kc5 Kd8 72. b5 Bf4 73. Kc6 Be5 74. b6 Bd4 75. Kb7 Bc5 76. Ka6 $1 Be3 $2 {[%mdl 8192] [#]} (76... Bd6 $11) 77. b7 $1 Bf4 78. Ka7 {Accuracy: White = 63%, Black = 48%.} 1-0

[Event "Yingmei CHN-chT 2018"]
[Site "Guangdong"]
[Date "2018.11.29"]
[Round "21"]
[White "Li, Xueyi"]
[Black "Lei, Tingjie"]
[Result "0-1"]
[WhiteElo "2446"]
[BlackElo "2242"]
[Annotator "TA"]
[PlyCount "82"]
[EventDate "2018.07.09"]
[EventType "team-tourn"]
[EventCountry "CHN"]
[SourceTitle "playchess.com"]
[Source "ChessBase"]
[SourceQuality "1"]

{[%evp 25,82,32,43,15,22,0,7,0,0,0,0,-61,-64,-72,0,-87,0,-79,-36,-108,-109,-160,-158,-159,-113,-127,-112,-379,-391,-387,-360,-385,-385,-418,-421,-516,-522,-569,-481,-553,-537,-538,-541,-590,-592,-565,-573,-589,-603,-752,-747,-730,-723,-842,-808,-2398,-2357,-1338,-954]} 1. d4 Nf6 2. c4 g6 3. g3 Bg7 4. Bg2 c5 5. d5 d6 6. Nc3 O-O 7. Nf3 e6 8. O-O exd5 9. cxd5 Re8 10. Bf4 h6 {A62: Modern Benoni: Fianchetto Variation without early ...Nbd7} 11. Qc1 g5 12. Bd2 Bf5 13. h4 g4 {LiveBook: 7 Games} 14. Nh2 h5 15. f3 gxf3 $1 16. Rxf3 Bg6 17. Bg5 Nbd7 18. Qf1 (18. Bh3 $11 c4 19. Kh1 (19. Bxd7 Qb6+ 20. Be3 Rxe3 $11)) 18... Re5 $15 19. Bf4 Re8 20. Bg5 $1 ({Of course not} 20. Bxd6 Qb6 $17) 20... Re5 21. Bf4 $1 Ne4 22. Nxe4 (22. Bxe5 $15 Nd2 {[%mdl 64] Double Attack} 23. Rxf7 Bxf7 24. Qc1 Bxe5 25. Qxd2) 22... Rxe4 $17 23. Bg5 ({Better is} 23. Rb3) 23... Qe8 24. Re1 Bxb2 25. Rb3 Rb4 26. Rxb2 $4 {[%mdl 8192] [#]} (26. g4 $17) 26... Rxb2 $19 27. g4 Qe5 28. Bf4 Qf6 29. gxh5 Bxh5 30. Bh3 {Black is clearly winning.} Ne5 31. Kh1 Ng6 32. Bg3 Qxf1+ 33. Rxf1 Bxe2 34. Rf2 c4 {[%cal Bc5c4,Bc4c3,Bc3c2][%mdl 32]} 35. h5 Rb1+ 36. Kg2 Bxh5 37. Bg4 Bxg4 38. Nxg4 c3 39. Nf6+ Kg7 40. Kh3 Rh8+ 41. Kg4 {[#]} c2 $1 {Accuracy: White = 30%, Black = 66%.} 0-1

[Event "Yingmei CHN-chT 2018"]
[Site "Guangdong"]
[Date "2018.11.29"]
[Round "21"]
[White "Zhou, Zirun"]
[Black "Wang, Pin"]
[Result "1/2-1/2"]
[WhiteElo "2429"]
[BlackElo "2394"]
[Annotator "TA"]
[PlyCount "103"]
[EventDate "2018.07.09"]
[EventType "team-tourn"]
[EventCountry "CHN"]
[SourceTitle "playchess.com"]
[Source "ChessBase"]
[SourceQuality "1"]

{[%evp 11,103,14,5,10,10,0,0,0,0,0,0,13,12,9,12,2,82,79,85,86,74,52,66,62,66,68,73,80,93,91,91,57,65,67,115,105,109,114,129,130,135,79,79,79,138,95,110,110,123,65,71,61,61,59,89,85,133,123,177,154,150,108,120,121,130,0,4,0,0,0,0,0,0,0,0,0,0,0,0,-12843,0,0,0,0,0,0,0,0,0,0,0,0,0,0]} 1. d4 d6 2. c4 e5 3. Nc3 exd4 4. Qxd4 Nc6 5. Qd2 Nf6 6. b3 a5 7. Bb2 {A21: English Opening: 1...e5 2 Nc3} a4 8. Nd5 Be7 9. Nf3 a3 10. Bc3 Ne4 11. Qc2 (11. Qe3 {is interesting.} Nxc3 12. Qxc3 O-O 13. e3 Re8 14. Be2) 11... Nxc3 12. Qxc3 O-O 13. e3 Bf6 (13... Re8 $11 {keeps the balance.}) 14. Nxf6+ $16 Qxf6 15. Qxf6 gxf6 {[#]} 16. Nd4 $146 Nb4 {Hoping for ...c5.} 17. Kd2 Rd8 18. Nc2 Nxc2 19. Kxc2 d5 20. Rd1 Bf5+ 21. Bd3 Be6 22. Kc3 c5 23. Be2 Kf8 24. Rd2 Ke7 {[#]} 25. Rhd1 $1 dxc4 {...Rxd2 is the strong threat.} 26. Bxc4 (26. Rxd8 $142 Rxd8 27. Rxd8 (27. bxc4 Rxd1 28. Bxd1 Kd6 $14) 27... Kxd8 28. Bxc4) 26... Rxd2 27. Rxd2 {[%mdl 4096] Endgame KRB-KRB} Bd7 (27... f5 $142) 28. b4 cxb4+ 29. Kxb4 Bc6 30. f3 (30. g3 $16) 30... Ra4+ $14 31. Kb3 Ra5 32. e4 h6 33. Bd5 Be8 34. Rd4 b5 (34... Bc6 $16) 35. Rd2 Ra7 36. Rc2 Bd7 37. g4 Kd6 38. Bxf7 (38. Rc3 $16) 38... Bxg4 $1 $11 39. fxg4 Rxf7 40. Kxa3 $16 {KR-KR} Re7 41. Rf2 Rxe4 42. Rxf6+ Kc5 43. Rxh6 Rxg4 44. Rh5+ Kc4 45. Rh8 $2 {[%mdl 8192] [#]} (45. h3 $11 Rg3+ 46. Kb2) 45... Rg2 $2 (45... Kc3 $1 $19 {[%csl Gb5][%cal Rg4a4]} 46. Ra8 Kc2) 46. Rc8+ {The position is equal.} Kd5 47. Rh8 Kc4 48. Rh4+ Kc3 49. Rh3+ Kc4 50. Rh4+ Kc3 51. Rh3+ Kc4 {( -> ...b4+)} 52. Rh4+ {Accuracy: White = 51%, Black = 61%.} 1/2-1/2